<The> IAASB - the International Auditing and Assurance Standards Board - The Influence of Institutional Aspects on International Harmonization Concept of Auditing Services

Uložené v:
Podrobná bibliografia
Hlavný autor: Kareš, Ladislav
Ďalší autori: Krišková, Petra, 1981-
Médium: Kapitola
Jazyk:English
Tagy: Pridať tag
Žiadne tagy, Buďte prvý, kto otaguje tento záznam!

MARC

LEADER 00000nla$a2200000$$$4500
001 0113293
005 20240502083300.5
041 0 |a eng 
044 |a RS 
245 1 0 |a <The> IAASB - the International Auditing and Assurance Standards Board - The Influence of Institutional Aspects on International Harmonization Concept of Auditing Services  |c Ladislav Kareš, Petra Krišková 
100 1 |a Kareš, Ladislav 
700 1 |a Krišková, Petra, 1981-